000 01042nas a2200361 4500
001 BR2014005068
003 BR-BrBNA
005 20231205124356.0
007 ta
008 230509b bl.|||p| |||| 00| 00por d
040 _aBR-BrBNA
_bpor
_cBiblioteca Nacional de Agricultura
041 _a(Pt)
072 _aL74
100 1 _aRamos, R.M.
100 1 _aAtallah, F.A.
100 1 _aLuz, M.J.
100 1 _aScheffer, J.P.
100 1 _aHyppolito, W.C.
100 1 _aAmaral, L.G.
100 1 _aSilva, R.S. da
100 1 _aOliveira, A.L. de A.
245 1 _aSíndrome do cão nadador: estudo retrospectivo de 26 casos
650 _aCÃO
650 _aDISTÚRBIO GENÉTICO
650 _aDIAGNÓSTICO
650 _aSUPLEMENTO ALIMENTAR
650 _aVITAMINA E
650 _aSELÊNIO
650 _aFISIOTERAPIA
773 0 _tRevista Brasileira de Medicina Veterinária (Brazil)
_xISSN 0100-2430
_g(Dec 2013), v. 35(supl. 1) p. 96-100
_wBR2014005068
909 _a202311
_bLúcia
_c55
_dLúcia Elande
942 _2AGRIS
_n0
_cANA
999 _c238749
_d238749